The aftermath of "real existing socialism" in Eastern Europe / (Record no. 8816)

MARC details
000 -LEADER
fixed length control field 01688cam a2200397 a 4500
001 - CONTROL NUMBER
control field 3998398
003 - CONTROL NUMBER IDENTIFIER
control field OSt
005 - DATE AND TIME OF LATEST TRANSACTION
control field 20240625122644.0
008 - FIXED-LENGTH DATA ELEMENTS--GENERAL INFORMATION
fixed length control field 960531m19961997nyuab b 001 0 eng
010 ## - LIBRARY OF CONGRESS CONTROL NUMBER
LC control number 96025600
020 ## - INTERNATIONAL STANDARD BOOK NUMBER
International Standard Book Number 0333666046 (cloth : v. 1)
020 ## - INTERNATIONAL STANDARD BOOK NUMBER
International Standard Book Number 0312163991 (cloth : v. 1)
020 ## - INTERNATIONAL STANDARD BOOK NUMBER
International Standard Book Number 0333666038 (v. 2)
040 ## - CATALOGING SOURCE
Original cataloging agency DLC
Transcribing agency MUST
Modifying agency DLC
043 ## - GEOGRAPHIC AREA CODE
Geographic area code ee-----
-- ae-----
082 00 - DEWEY DECIMAL CLASSIFICATION NUMBER
Classification number 338.94 AFT 1997
245 04 - TITLE STATEMENT
Title The aftermath of "real existing socialism" in Eastern Europe /
Statement of responsibility, etc. edited by Jacques Hersh and Johannes Dragsbaek Schmidt.
260 ## - PUBLICATION, DISTRIBUTION, ETC. (IMPRINT)
Place of publication, distribution, etc. New York :
Name of publisher, distributor, etc. St. Martin's Press,
Date of publication, distribution, etc. 1997.
300 ## - PHYSICAL DESCRIPTION
Extent 2 v. :
Other physical details ill., map ;
Dimensions 23 cm.
440 #0 - SERIES STATEMENT/ADDED ENTRY--TITLE
Title International political economy series
9 (RLIN) 970
504 ## - BIBLIOGRAPHY, ETC. NOTE
Bibliography, etc Includes bibliographical references and indexes.
505 0# - FORMATTED CONTENTS NOTE
Formatted contents note v. 1. Between Western Europe and East Asia -- v. 2. People and technology in the process of transition / edited by Anne Lorentzen and Marianne Rostgaard.
650 #0 - SUBJECT ADDED ENTRY--TOPICAL TERM
Topical term or geographic name as entry element Post-communism
Geographic subdivision Europe, Eastern.
9 (RLIN) 7625
650 #0 - SUBJECT ADDED ENTRY--TOPICAL TERM
Topical term or geographic name as entry element Socialism
Geographic subdivision East Asia.
9 (RLIN) 12440
650 #0 - SUBJECT ADDED ENTRY--TOPICAL TERM
Topical term or geographic name as entry element Capitalism
Geographic subdivision East Asia.
9 (RLIN) 12441
651 #0 - SUBJECT ADDED ENTRY--GEOGRAPHIC NAME
Geographic name Europe, Eastern
General subdivision Economic conditions
Chronological subdivision 1989-
9 (RLIN) 7626
651 #0 - SUBJECT ADDED ENTRY--GEOGRAPHIC NAME
Geographic name Europe, Eastern
General subdivision Economic policy
Chronological subdivision 1989-
9 (RLIN) 12180
651 #0 - SUBJECT ADDED ENTRY--GEOGRAPHIC NAME
Geographic name Europe, Eastern
General subdivision Social conditions
Chronological subdivision 1989-
9 (RLIN) 12442
700 1# - ADDED ENTRY--PERSONAL NAME
Personal name Hersh, Jacques.
9 (RLIN) 17813
700 1# - ADDED ENTRY--PERSONAL NAME
Personal name Schmidt, Johannes Dragsbaek,
Dates associated with a name 1960-
9 (RLIN) 17814
700 1# - ADDED ENTRY--PERSONAL NAME
Personal name Lorentzen, Anne.
9 (RLIN) 12443
700 1# - ADDED ENTRY--PERSONAL NAME
Personal name Rostgaard, Marianne.
9 (RLIN) 12444
906 ## - LOCAL DATA ELEMENT F, LDF (RLIN)
a 7
b cbc
c orignew
d 1
e ocip
f 19
g y-gencatlg
942 ## - ADDED ENTRY ELEMENTS (KOHA)
Source of classification or shelving scheme Dewey Decimal Classification
Koha item type Open Shelf
Holdings
Withdrawn status Lost status Source of classification or shelving scheme Damaged status Not for loan Home library Current library Date acquired Source of acquisition Inventory number Total Checkouts Full call number Barcode Date last seen Price effective from Koha item type
    Dewey Decimal Classification     MUST Main Library MUST Main Library 25/06/2024 Purchase 2003/19984   338.94 AFT 1997 2024-21250 25/06/2024 25/06/2024 Open Shelf
    Dewey Decimal Classification     MUST Main Library MUST Main Library 25/06/2024 Purchase 2003/19987   338.94 AFT 1997 2024-21251 25/06/2024 25/06/2024 Open Shelf